| 000 | 00656nam a22001937a 4500 | ||
|---|---|---|---|
| 005 | 20140910153933.0 | ||
| 010 | _aENG-110794 | ||
| 020 |
_a9788175417380 _c800.00 |
||
| 035 | _aEN-94326 | ||
| 037 | _bDBAD/PUB | ||
| 082 | _a363.70095451 | ||
| 100 | _aAgnimitra, Neera | ||
| 245 |
_aGoing green : _cby Neera Agnimitra _bwomen and grassroots environmentalism / |
||
| 260 |
_aNew Delhi _bShipra Publications _c2014 |
||
| 270 |
_aLG 18-19, Pankaj Central Market, Patparganj, I.P Ext. _bNew Delhi _e110092 |
||
| 300 |
_axiv,232p. _c22cm(Hb) |
||
| 500 | _aIncludes bibliographical references and index | ||
| 942 |
_2ddc _cEN _h363.70095451 _mAGN |
||
| 999 |
_c88432 _d88432 |
||